[Event "EU-ch 15th"]
[Site "Yerevan"]
[Date "2014.03.13"]
[Round "10"]
[White "Postny, Evgeny"]
[Black "Nigalidze, Gaioz"]
[Result "1-0"]
[WhiteElo "2635"]
[BlackElo "2527"]
[Annotator "Postny,E"]
[PlyCount "137"]
[EventDate "2014.03.03"]
[EventType "swiss"]
[EventRounds "11"]
[EventCountry "ARM"]
[SourceTitle "CBM 160"]
[Source "ChessBase"]
[SourceDate "2014.05.15"]
[SourceVersion "1"]
[SourceVersionDate "2014.05.15"]
[SourceQuality "1"]

{This is the game from penultimate round. Only a win would allow me to stay in
the race for a qualification place for the World Cup.} 1. d4 Nf6 2. c4 e6 3.
Nf3 d5 4. g3 Bb4+ 5. Bd2 Be7 6. Bg2 O-O 7. O-O c6 8. Qc2 (8. Bf4 {is the other
option which I have also employed before. In such cases White should be ready
to sacrifice a pawn for an initiative after} Nbd7 9. Nc3 dxc4 10. e4) 8... b6
9. Rd1 Bb7 10. Bf4 Nbd7 11. Nc3 Nh5 (11... dxc4 12. Nd2 Nd5 13. Nxc4 Nxf4 14.
gxf4 {is a standard position for this line, which has been heavily examined in
grandmaster practice. White has a superiority in space, but the weakness of
his kingside might become apparent in the long run. It seems that objectively
Black is not worse, though it might be somewhat nicer to handle the position
as White. Here is one recent example from the top level:} Qc7 15. e3 Rad8 16.
a4 a6 17. Rac1 b5 18. axb5 cxb5 19. Na5 Qxa5 20. Bxb7 Qb6 21. Bf3 Rc8 22. Qe4 {
+/=/= 1/2-1/2 (40) Anand,V (2773)-Adams,M (2754) London 2013}) 12. Bc1 {
The bishop goes back to c1, so that later on it can be developed to b2, not
obstructing other pieces.} Nhf6 13. b3 c5 ({Practice has shown that after} 
13... Rc8 14. e4 {White has grounds to claim a slight edge.}) 14. cxd5 Nxd5 15.
Nxd5 exd5 (15... Bxd5 $5 16. e4 Bb7 17. dxc5 Bxc5 18. Ne5 Nxe5 19. Rxd8 Rfxd8 {
It's a pity for Black to lose the queen in the opening, but, in fact this
position might be playable for him.}) 16. Bb2 {Now White has small, but stable
advantage. All his pieces are harmoniously developed and Black's Pd5 is a
target.} Rc8 17. dxc5 Nxc5 (17... bxc5 $6 {These pawns in the centre are
vulnerable, for instance:} 18. Ne1 {[%csl Rd5]} Nb6 19. a4 {[%cal Ga4a5]} a5
20. Bc3 Ra8 21. Qb2 $16) 18. Bh3 $146 (18. Qf5 Ne4 $6 (18... Qd6 $14) 19. Ne5
g6 $2 20. Ng4 $1 h5 21. Qe5 f6 22. Qe6+ Kg7 23. Bxe4 Rc6 24. Qxd5 $18 {1-0 (26)
De Vreugt,D (2398)-Roobol,M (2248) Haarlem 1999}) 18... Ne6 19. Qd2 Re8 ({
It would be logical to play} 19... Bf6 {neutralising White's active bishop.} {
In the event of} 20. Rac1 {Black can get counterplay after} Rxc1 21. Rxc1 d4 {
[%csl Gb7] opening the diagonal for his light-squared bishop.}) 20. Rac1 Rxc1
21. Rxc1 Nc5 22. Qf4 Bd6 23. Qd4 f6 24. Qd1 {My last three moves have only
transferred the queen from d2 to d1, but I thought that provoking f7-f6
increased my advantage a bit.} a5 25. Nd4 g6 26. a3 {I should kick the knight
away from c5.} Be5 27. b4 axb4 28. axb4 Qe7 $5 {That was a surprise.} 29. Bg2 (
29. bxc5 bxc5 30. Bg2 cxd4 31. Bxd4 {White has still some advantage here, but
I didn't want to exchange all the queenside pawns.}) (29. f4 Bxd4+ 30. Bxd4 Ne4
{It's nice to have such a bishop without a counterpart, but the pawn can't be
returned to f2, unfortunately.}) 29... Ne4 30. Qb3 {At this point neither
player had much time.} Nd2 {I expected 30...Kg7, but my opponent is trying to
be active.} 31. Qd3 (31. Bxd5+ $6 Kg7 32. Qa2 (32. Qd3 Bxd5 33. Qxd2 Rd8 $44)
32... Bxd4 33. Bxd4 Bxd5 34. Qxd2 (34. Qxd5 $4 Rd8 {[%csl Rd4,Rd5] losing a
piece.}) 34... Qe4 (34... Qxe2 $2 35. Bxf6+ Kxf6 36. Qxd5 $18) 35. f3 Qxe2 36.
Rc7+ Kg8 37. Qxe2 Rxe2 {and a draw is expected due to the opposite coloured
bishops.}) 31... Nc4 32. Bc3 Kg7 $2 (32... Rc8 $14) 33. e3 $2 {Missing the
chance. I moved the right pawn, but not far enough!} ({I didn't realize that
after} 33. e4 $1 {I simply win the Pd5 pawn, as it's tied to the defence of
the knight.}) 33... Bd6 34. b5 (34. Nb5 $5 Bxb4 35. Bxd5 {It looks like Black
has got rid of his weakness and hasn't lost anything. However, after} Bxc3 36.
Bxb7 Qxb7 37. Qxc4 Be5 38. Qc6 {his position is difficult. f2-f4 is coming at
some point kicking the black bishop into total passivity.}) 34... Rc8 35. Bh3 (
35. Nc6 {I considered this idea, but decided not to change the character of
the game in the time trouble.} Bxc6 36. bxc6 Rxc6 37. Bxd5 Ne5 38. Qd4 Rc5 39.
Rb1) 35... Ne5 36. Qd1 Rc4 37. Bg2 Bc5 38. Bb2 ({After} 38. Bf1 {I thought
that taking the rook is not a threat, actually, as it will open the long
diagonal and my king will be suddenly in danger.}) 38... h5 39. Ra1 Rb4 40. Bc3
Rc4 41. Bb2 Rb4 42. Ba3 {Of course, no repetition.} Rc4 43. Bxc5 Rxc5 (43...
bxc5 44. Nb3 {During the game I thought that White has too many threats:
Nb3-a5, Ra1-a7, Pd5 is hanging. However, an engine finds the narrow path for
Black:} Rb4 $1 45. Ra7 Rxb5 46. Bxd5 c4 47. Na5 Qd7 $1 48. Rxb7 Rxb7 49. Nxb7
c3 50. Nc5 c2 51. Qxc2 Qxd5 52. e4 Qc6 {Black has good chances to hold.}) 44.
Ra7 Kh6 {The pin across the seventh rank, together with the other positional
dividends that White has, looks overwhelming, but in fact there is nothing
decisive.} 45. h3 Rc7 46. Qd2 Nc4 47. Qe2 Nd6 48. Qf3 {Trying to sneak with
the queen somewhere into Black's camp.} Kg7 49. Qf4 Bc8 $1 {My opponent finds
a way to neutralise my active rook. The Ph3 is also hanging, so I can't grab
the Pd5 for free.} 50. Nc6 Qd7 51. Rxc7 Qxc7 52. Qb4 Bd7 53. Bxd5 Bxh3 54. e4
Nb7 $2 (54... Nf7 {bringing the knight to e5 was the right manoeuvre.}) 55. Qd4
{Now e4-e5 is coming and White's active pieces will finally harass the black
monarch.} Nc5 ({The lesser evil would be to go back:} 55... Nd6 $1 56. e5 Ne8 {
But, to admit the mistake made just on the previous move is, perhaps, the most
difficult thing in chess.}) 56. e5 fxe5 57. Nxe5 Ne6 (57... Kh7 $2 58. Nf7 $18)
58. Bxe6 Bxe6 59. Nd7+ Kg8 60. Nxb6 Qc1+ 61. Kh2 Qf1 62. Qd8+ $2 {The queen
was excellent in the centre, there was no point in moving it!} (62. Nd5 $1 Qxb5
63. Nf6+ Kf7 64. Ne4 {This line is another good illustration for the great
interaction between queen and knight.} Qd5 65. Qf6+ Ke8 66. Qxg6+ {with good
winning chances.}) 62... Kh7 $2 (62... Kf7 $1 {would spoil all my efforts.} 63.
Qc7+ Kg8 64. Qc5 h4 $1 65. gxh4 Qh3+ 66. Kg1 Qg4+ 67. Kf1 Qd1+ $11) 63. Qe7+
Kh6 64. Qf8+ Kh7 65. Qe7+ Kh6 66. Qf6 Bf5 (66... Kh7 67. Qxe6 Qxf2+ 68. Kh3
Qf1+ 69. Kh4 Qh1+ 70. Kg5 Qc1+ 71. Kf6 Qf1+ 72. Ke7 Qxb5 73. Nd7 Qb7 74. Kf7 $1
Qf3+ 75. Nf6+ Kh6 76. Qd6 Qb7+ 77. Nd7 $18) 67. Qh8+ Kg5 68. Qd4 $1 Qxb5 $2 {
Finally, he falls into the mating net.} 69. f4+ (69. f4+ Kg4 (69... Kh6 70.
Qh8#) 70. Qd1+ $18) 1-0

[Event "FRA-ch"]
[Site "Nantes"]
[Date "1993.08.18"]
[Round "6"]
[White "Renet, Olivier"]
[Black "Relange, Eloi"]
[Result "1-0"]
[WhiteElo "2505"]
[BlackElo "2365"]
[Annotator "Primel,D"]
[PlyCount "83"]
[EventDate "1993.08.12"]
[EventType "tourn"]
[EventRounds "15"]
[EventCountry "FRA"]
[EventCategory "8"]
[SourceTitle "EXT 1997"]
[Source "ChessBase"]
[SourceDate "1996.11.15"]
[SourceVersion "1"]
[SourceVersionDate "1996.11.15"]
[SourceQuality "1"]

1. d4 d5 2. c4 e6 3. Nf3 c6 4. Qc2 Nd7 (4... dxc4 $5 5. Qxc4 b5 6. Qc2 Bb7 7.
e4 $1 {[%csl Gd4,Ge4]} Nd7 (7... Nf6 $143 8. Bg5 $14 {[%cal Ge4e5];Timoscenko,
G (2519)-Lanzani,M (2417) Valle d'Aosta op 8th 2000 (5) 1-0}) 8. Nc3 $1 Rc8 9.
a3 $14 {[%csl Gd4,Ge4];Stohl,I (2530)-Knaak,R (2500) Stara Zagora zt-B 1990 (1)
1-0}) 5. g3 {Retombe sur une Catalane} Ngf6 6. Bg2 b6 7. O-O Bb7 8. Rd1 $1 Be7
(8... Rc8 9. Nc3 dxc4 10. Ne5 Be7 11. Nxc4 $14 {Tasic,B (2290)-Relange,E (2430)
FRA-chT France 1994 (4) 1/2}) 9. Nc3 Qc8 $6 {[%cal Gc8b7] Dans cet ordre de
coups, c'est une nouveauté mais après b3, les deux joueurs vont retouver des
lignes plus connues.} (9... O-O 10. b3 $16 Rc8 {C'est la grande ligne et même
si les blancs restent mieux, l'avantage blanc est moins net qu'aprèsQc8 dont
le seul intérêt est de protéger le Bb7} (10... Qc7 $6 11. Bf4 $36 {C'est
l'idée de jouer Rd1 avant de jouer le Bc1 afin de garder l'option Bf4 en
réserve}) 11. e4 dxe4 12. Ng5 $1 c5 13. dxc5 Bxc5 14. Ncxe4 Nxe4 15. Bxe4 Bxe4
16. Qxe4 g6 {[%csl Rf6,Rg7,Rh6]} 17. Bb2 $1 $40 {[%cal Gd1d7,Ge4h4];Sveshnikov,
E (2535)-Sosonko,G (2595) Hoogovens Wijk aan Zee 1981 (1) 1/2}) 10. b3 O-O 11.
Bb2 (11. e4) 11... Re8 $6 (11... c5 12. cxd5 Nxd5 13. Nxd5 Bxd5 14. e4 Bb7 15.
d5 exd5 16. exd5 Rd8 17. h4 $6 {C'était la ronde du matin et je commencais а
être en gros retard а la pendule.} (17. Bh3 $5 {[%cal Gh3d7,Gh3c8] Peut
retomber sur la partie jouée par Hulak} Qb8 18. Bf5 $14 {[%cal Gf5h7]}) (17.
Rd2 $142 Bf6 18. Bh3 Qb8 19. Bxd7 Bxb2 20. Ng5 $1 {[%cal Gc2h7];Hulak,K (2530)
-O'Donnell,T (2410) Moscow ol (Men) 1994 (2) 1-0}) 17... h6 18. Qc4 Qb8 19. Rd2
Bf6 20. Bxf6 Nxf6 21. d6 Rxd6 22. Rxd6 Qxd6 23. Ne5 Qxe5 24. Bxb7 Qxa1+ {
0-1 Primel,D (2099)-Flouzat,J (2177)/France 2006/EXT 2006}) (11... b5 $142) 12.
Rac1 $14 {[%csl Ra8,Rc8]} a6 13. Nd2 {[%cal Ge2e4]} (13. e4 $5 dxe4 14. Nxe4 (
14. Nxe4 Nxe4 15. Qxe4 Qc7 16. Ne5) (14. Ng5 $36 {[%cal Gg5e4]} c5) 14... Nxe4
15. Qxe4 Qc7 (15... Nf6 $143 $6 16. Qe3 {[%csl Ge5]} Qc7 17. Rd2 (17. Ne5 c5)
17... c5 18. Ne5 Bxg2 19. Kxg2 Rad8 20. Rcd1 $14)) 13... c5 14. cxd5 exd5 15.
Na4 $36 {[%cal Gg2h3,Ga4c5,Gd4c5]} Qd8 {reconnaissant que Qc8 n'était pas une
très bonne idée} (15... cxd4 16. Qd3) 16. dxc5 bxc5 17. Nc4 $1 {[%csl Gc4]
[%cal Gg2b7]} Rb8 18. Ne5 Nxe5 (18... Qc7 $2 19. Nxd7 Nxd7 20. Bxd5) 19. Bxe5
$16 {[%cal Ge5b8]} Rc8 (19... Bd6 20. Bxd6 Qxd6 21. Nxc5) 20. Nc3 (20. Bxf6
Bxf6 21. Nxc5 Be7 22. b4 Qb6 23. a3 Red8 (23... a5) 24. Qc3 Bf6 25. Qb3 $40 {
[%cal Gb3d5,Gg2d5]}) 20... Qd7 $6 (20... c4 $142) 21. Bxf6 Bxf6 22. Nxd5 Bxd5
23. Rxd5 Qb5 24. e3 (24. Bf3 {[%cal Gg1g2]}) 24... Qa5 25. Bh3 Rc7 26. Bf1 $1
Qa3 27. Rcd1 g6 $6 28. Rd6 Qb2 $6 29. Qxb2 Bxb2 30. Rxa6 Ree7 31. a4 $18 {
[%cal Gf1c4]} Bc3 32. Bb5 (32. Bc4) 32... Ra7 33. Rxa7 Rxa7 34. Kf1 Kf8 35. Ke2
Bb4 36. Kd3 Ke7 37. Kc4 Ra8 38. Rd7+ Ke6 39. Rd1 Ke7 40. Rd7+ Ke6 41. Rd5 h5
42. Rxc5 1-0

[Event "FRA-ch Accession"]
[Site "Aix les Bains"]
[Date "2003.08.29"]
[Round "11"]
[White "Duquesnoy, Jean Philippe"]
[Black "Rasch, Holger"]
[Result "1/2-1/2"]
[WhiteElo "2300"]
[BlackElo "2344"]
[Annotator "RR"]
[PlyCount "93"]
[EventDate "2003.08.19"]
[EventType "swiss"]
[EventRounds "11"]
[EventCountry "FRA"]
[SourceTitle "EXT 2004"]
[Source "ChessBase"]
[SourceDate "2003.11.25"]
[SourceVersion "1"]
[SourceVersionDate "2003.11.25"]
[SourceQuality "1"]

1. d4 {01h40} d5 2. c4 e6 3. Nf3 c6 4. g3 Nf6 5. Bg2 Nbd7 6. Qc2 Be7 (6... Bd6
7. O-O O-O 8. Nbd2 Re8 9. b3 e5 10. cxd5 cxd5 11. dxe5 Nxe5 12. Bb2 Bg4 13.
Nxe5 Bxe5 14. Bxe5 Rxe5 15. Nf3 $14 {[%csl Gd4,Rd5,Rg4]}) (6... Bb4+ $5 7. Bd2
Bd6 {Fradkin,B (2454)-Radulski,J (2594) Bayern-chI Bank Hofmann 14th 2010 (5)
0-1}) 7. O-O O-O {(=)} 8. Rd1 (8. b3) (8. Bf4) (8. Nbd2) 8... b6 9. b3 {
[%cal Gb1c3]} (9. Nc3 Bb7 10. Bf4 (10. e4 dxc4 11. a4 (11. b3 $5 cxb3 12. axb3
a5 (12... c5 13. d5 $1) 13. Bf4 $44 Rc8)) 10... dxc4 11. Nd2 Nd5 $1 {[%cal
Gd5f4]} 12. Nxc4 Nxf4 13. gxf4 Qc7 14. e3 {[%csl Ge5]}) 9... Bb7 (9... Ba6 {
Plus actif} 10. Nbd2 (10. a4 $5 Rc8 11. a5 c5 12. axb6 Qxb6 13. Qa2 Bb7 14. Ba3
{[%cal Ga3e7]})) 10. Nc3 Rc8 11. e4 dxe4 {Laisse un avantage durable aux
Blancs et il vaut mieux laisser la tension par la réaction c6c5} (11... c5 $142
12. exd5 exd5 13. Bb2 dxc4 14. d5 $36 Ne8 15. Nb5 {Kasparov,G (2775)-Kamsky,G 
(2345) New York exh 1989 (1) 1-0} (15. bxc4)) 12. Nxe4 (12. Ng5 $5 {[%cal
Gg2b7]}) 12... c5 13. Nxf6+ (13. Nfg5 $6 Nxe4 $11) 13... Bxf6 14. Ng5 {Un
thème classique pour exploiter la force du Bg2 et TARTAKOVER qualifiait même
cette diagonale de "voie lactée"} Bxg5 15. Bxb7 Rc7 16. dxc5 $1 {L'avance de
développement des Blancs rend trés dangereuse l'acceptation du sacrifice du Bb7
} Bxc1 (16... Bf6 17. Bb2 {Lobron,E (2495)-Sehner,N (2315) Bundesliga 8485
1984 [2] 1-0} (17. c6 $5 $146 {Curieusement personne ne semble avoir essayé ce
sacrifice de qualité qui semble pourtant logique après avoir joué dc5} Bxa1 18.
Ba3 Qf6 19. Bd6 $5 {[%csl Rc7]} (19. Rxd7 Rxd7 20. Bxf8 Rd8 21. Bxg7 $1 {
Bien évidemment un coup d'ordinateur!} Qxg7 22. c7 {[%csl Gc7]} Rf8 23. c8=Q
Rxc8 24. Bxc8 $14) 19... Rxb7 20. cxb7 Re8 (20... Rd8 21. Bc7) 21. b4 $1 {
[%cal Gc4c5] la majorité de l'aile-dame est trés rapide} Be5 22. Qa4 {[%csl
Rd7,Re8]} Rd8 23. b8=Q Nxb8 24. Bxe5 Qe7 (24... Rxd1+ $2 25. Qxd1 {[%csl Rd8]})
25. Bxb8 Rxb8 26. Rd7 $40 {[%csl Ra7,Gd7,Rg8]})) 17. Raxc1 $32 {[%cal Gd1d8]} (
17. c6 $143 Bg5) 17... Rxb7 18. c6 Rc7 19. cxd7 Rxd7 20. Rxd7 Qxd7 21. Rd1 {
la position s'est applanie et malgré la majorité de l'aile-dame, le matériel
est trop réduit pour donner des chances réelles aux Blancs} Qe7 22. Qd3 Re8 23.
Qd7 Kf8 24. Qa4 $1 {[%cal Gd1d7,Gd7a7] Les Blancs continuent а garder une
petite initiative} a5 25. Qc6 Rd8 $11 26. Rxd8+ Qxd8 27. c5 (27. Kg2) 27...
bxc5 28. Qxc5+ Ke8 29. Qb5+ Kf8 30. h4 h6 31. Qc6 g5 $1 32. Qc5+ Kg8 33. hxg5
hxg5 34. Qc4 Qd1+ 35. Kg2 g4 36. Qc8+ Kh7 37. Qa8 Qe1 38. Qd8 Qe4+ 39. Kh2 Qf5
40. Qd4 e5 41. Qc5 (41. Qe3) 41... Kg7 42. a3 Qh7+ 43. Kg2 Qe4+ 44. Kf1 Qb1+
45. Ke2 Qb2+ 46. Ke1 Qb1+ 47. Kd2 {Une partie combative malgré le fait qu'il
s'agissait d'une dernière sans enjeu et jouée le matin.} 1/2-1/2

[Event "Olympiad-36"]
[Site "Mallorca"]
[Date "2004.10.16"]
[Round "2"]
[White "Papaioannou, Ioannis"]
[Black "Gonzalez Zamora, Juan Carlos"]
[Result "0-1"]
[WhiteElo "2577"]
[BlackElo "2524"]
[Annotator "Ramirez Alvarez,A"]
[PlyCount "70"]
[EventDate "2004.10.15"]
[EventType "team-swiss"]
[EventRounds "14"]
[EventCountry "ESP"]
[SourceTitle "CBM 104"]
[Source "ChessBase"]
[SourceDate "2005.01.27"]
[SourceVersion "1"]
[SourceVersionDate "2005.01.27"]
[SourceQuality "1"]
[WhiteTeam "Greece"]
[BlackTeam "Mexico"]
[WhiteTeamCountry "GRE"]
[BlackTeamCountry "MEX"]

1. d4 {Ribli} Nf6 2. Nf3 e6 3. g3 d5 4. Bg2 Be7 5. c4 O-O 6. O-O c6 7. Qc2 b6
8. b3 Bb7 9. Nc3 Nbd7 10. Rd1 Rc8 11. e4 {This seems like a new idea, normally
white players automatically fianchetto. This move is very common in the Slav
or Semi-Slav games, trying to gain some space.  As usual, black has no real
weaknesses and a very solid position.} Bb4 $5 {JC Gonzalez is quite an
aggressive player, and probably didn't wish to go into a passive position with
dxe4, which would probably have yielded equality though.} (11... dxe4 12. Nxe4
Nxe4 13. Qxe4 Re8 14. Bb2 Bf6 $11) 12. e5 {Forced.} Bxc3 (12... Ne8 {Ribli} 13.
Bg5 $14 (13. Ng5 $14)) 13. Qxc3 Ne4 {White has obtained the bishop pair, but
it seems like an useless duo in such a closed position. All dogmas concerning
the pair of bishops to always be an advantage have long ago been decipated.
The strong N on e4 and the good control of light squares compensated for the
absence of the dark squared bishop, and all that represents.} 14. Qe1 f5 {
Maintaining the strong point.} 15. Ba3 {Ribli: 'Weiß hat Raumvorteil und er
kontrolliert stark die dunkelfarbigen Punkte. Der Stolz der schwarzen Stellung
ist der e4N, aber später kann Weiß den Springer entweder verjagen oder
tauschen.'} (15. exf6 {'!?' Ribli. Despite the fact that opening the position
is what strategy sais (white has the ^^), it is not desirable to open the f
file for black} Qxf6 $1 (15... Ndxf6 {Is much weaker in account of} 16. Ne5 $14
{Followed by f3-f4}) 16. Bf4 (16. Be3 $14 {Ribli}) 16... c5 $1 $13 {And white
has trouble maintaining his centre.}) 15... Rf7 (15... c5 $5 $132 {Ribli Das
wäre die prinzipielle Fortsetzung für Schwarz, in diesem Fall kann er die
Diagonale des b7-Läufers öffnen.}) 16. Nd2 h6 (16... c5 $2 {Ribli} 17. cxd5 $16
{Jetzt sehen wir, warum der f7R unglücklich steht - 17...exd5 geht nicht wegen
18.e6.}) (16... Nxd2 {Ribli} 17. Qxd2 $14 (17. Rxd2 $14)) 17. Rac1 {Already
planning on a future cxd5. White is clearly trying to make some progress on
the center, and trying to open up the position as much as he can.} (17. f4 $14
{Ribli Auf den ersten Blick ist dieser Zug weniger logisch, denn Weiß kann
nicht mehr f2-f3 ziehen, aber im folgenden kann er den starken e4-Springer
tauschen und er hat großen Raumvorteil.}) 17... Nf8 {Black, on the other hand,
is more concerned with maneouvering and improving his badly placed pieces.} 18.
Nxe4 $1 {A change in the structure, sustaining it wouldn't yield white
anything.} (18. f4 $6 g5 $36) (18. f3 Nxd2 19. Qxd2 f4 $14 {Its important
black has this move after f3, so that he doesnt really get smothered. White
should be somewhat better, but not that much.}) 18... fxe4 (18... dxe4 {Ribli}
19. Bd6 $16) 19. cxd5 $6 {Relieving the pressure too fast, better was} (19. Rc3
$1 $16 {Lets understand why:  White needs to rip the game apart, and the 100%
best way to do it is by playing f3. The faster this is played, the better,
since for the moment the N on f8 won't challenge anything.}) (19. Bd6 $14 {
Ribli}) 19... cxd5 {Now the rook is not able to go to c3, and f3 is starting
to become hard to play.} (19... exd5 {Ribli} 20. Bh3 $16 {[%csl Ga3,Gh3][%cal
Rh3c8,Ga3f8]}) 20. Bd6 {Ribli: 'Der d6B steht sehr stark, Weiß hat die
Kontrolle über die dunkelfarbigen Punkte.'} Nh7 $1 {Suddenly blacks N is
threatening the strong Ng5-f3 maneouvre. White must do something, and his next
move is forced.  Ribli: 'Das schwarze Gegenspiel richtet sich gegen das
f3-Feld, es droht 21...Ng5 und 22...Nf3+.'} 21. h4 g5 $1 {Without fear! Black
senses his chance to initiate a king side initative. The sudden change in the
position is too much for Ioannis, and he soon collapses.  Ribli: 'Mit dieser
extravaganten Fortsetzung strebt Schwarz sofortiges Gegenspiel am Königsflügel
an.'} (21... Nf6 $14 {[%cal Gf6e8,Ge8d6] Ribli}) 22. Bh3 $2 {A greedy move,
which is nicely refuted, much better was} (22. Qe3 {'!?' Ribli.} Kg7 (22...
gxh4 {Ribli} 23. Qxh6 $16) 23. Rxc8 Bxc8 24. Rc1 $13 {To attempt to create
counterplay over the c file.}) 22... gxh4 $1 {Black's rook (either!) is
worthless compared to the white squared bishop.  Ribli: 'Schwarz kümmert sich
nicht um die Verteidigung des e6-Bauern, er opfert eine Qualität.'} (22... Qd7
{Ribli}) 23. Bxe6 ({Still, it might not be too late for white to play} 23. f4
$1 {although after} exf3 (23... Qd7 $5) 24. Bxe6 Ng5 25. Bxf7+ Kxf7 {Black
still has a powerful initiative.}) 23... Ng5 24. Bxf7+ Kxf7 {The hole on f3 is
huge, black's king is much safer then his counterpart, since there is no way
to get to it.} 25. Qe3 Kg6 $1 {'©' Ribli. The king is in charge of its own
protection!  Ribli: 'Schwarz hat Kompensation für die Qualität, die weißen
Punkte sind geschwächt am weißen Königsflügel.'} (25... Nf3+ {Ribli} 26. Kg2
$16) 26. Rxc8 $2 {Hastens blacks attack, better was:  Ribli: 'Nach diesem
Tausch kommt der b7B über c8 ins Spiel.'} (26. Kg2 Nf3 (26... Qd7 {Ribli} 27.
gxh4 Nf3 28. Qf4 Kh5 29. Rxc8 Bxc8 30. Qg3 $14) 27. Qf4 Qg5 $1 {And black
still has good compensation.} 28. Rxc8 Bxc8 29. Qxg5+ hxg5 $44 {[%csl Gh1]
[%cal Rh4h3,Rh3h2,Rh2h1]}) 26... Bxc8 27. Rc1 Qd7 $1 {Ganging up on whites
poor king, it was now imperative to flee.} 28. Be7 $2 (28. Kf1 Nf3 (28... Qg4
$36 {Ribli}) 29. Ke2 Qg4 $17 {Even though this is very scary for white.} 30.
Rc7 Nxd4+ 31. Kd2 Nf3+ 32. Kc1 d4 $17) 28... Nf3+ 29. Kf1 h3 $1 {And the pawn
joins the attack too!} 30. Bf8 Ba6+ {White king is caught, the rest requires
no more comments} 31. Rc4 Ng5 32. Kg1 dxc4 33. bxc4 Bxc4 34. Kh2 Qf5 35. Be7
Nf3+ 0-1